[Event "Gausdal Int"]
[Site "Gausdal"]
[Date "1993.??.??"]
[Round "7"]
[White "Gipslis, Aivars"]
[Black "Bergstrom, Rolf"]
[Result "1/2-1/2"]
[WhiteElo "2505"]
[BlackElo "2255"]

1.e4 d6 2.d4 Nf6 3.Nc3 e5 4.dxe5 dxe5 5.Qxd8+ Kxd8 6.Bc4 Be6 7.Bxe6 fxe6
8.f3 Bd6 9.Be3 Ke7 10.O-O-O Nbd7 11.Nh3 a6 12.Nf2 Nh5 13.Rd2 Nf4 14.g3 Nh5
15.Kd1 Raf8 16.Ke2 Rf7 17.Nd3 Rhf8 18.Rf1 h6 19.Rdd1 g5 20.Nb1 Nhf6 21.g4 Rg8
22.c4 c5 23.a3 Rc8 24.Rc1 Nb8 25.Nd2 Nfd7 26.h4 Rg7 27.hxg5 hxg5 28.b4 b6
29.b5 Rh8 30.Rh1 Rxh1 31.Rxh1 Nf8 32.Rh6 a5 33.Nf1 Nbd7 34.Ng3 Kf7 35.Rh1 Be7
36.Bd2 Ng6 37.Bc3 Rg8 38.Kf2 Bf6 39.Nh5 Be7 40.Rd1 Rd8 41.Nb2 Ngf8 42.Na4 Rb8
43.Ng3 Rb7 44.Ne2 Ke8 45.Rh1 Kf7 46.Ke3 Rb8 47.Rh8 Kg7 48.Rh2 Kf7 49.Nc1 Ng6
50.Nb3 Ngf8 51.Nb2 Ng6 52.Nd3 Re8 53.Kd2 Rd8 54.Kc2 Ra8 55.Bd2 Nh4 56.Rh3 Rf8
57.Bc3 Ng6 58.Nbc1 Rd8 59.Ne2 Rf8 60.Kb3 Rd8 61.Nb2 Rf8 62.Na4 Ra8 63.Nc1 Kg8
64.Nd3 Kf7 65.Rh5 Kg7 66.Bd2 Nh4 67.Bxg5 Bxg5 68.Rxg5+ Kf6 69.Rh5 Nxf3 70.Rh7 Rd8
71.Kc2 Ng5 72.Rh6+ Kg7 73.Rh5 Kf6 74.Rh6+ Kg7 75.Rh5 Kf6  1/2-1/2

[Event "Troll Masters"]
[Site "Gausdal"]
[Date "1993.??.??"]
[Round "9"]
[White "Djurhuus, Rune"]
[Black "Bergstrom, Rolf"]
[Result "1-0"]
[WhiteElo "2485"]
[BlackElo "2240"]

1.e4 d6 2.d4 Nf6 3.Nc3 e5 4.dxe5 dxe5 5.Qxd8+ Kxd8 6.Bg5 Be6 7.O-O-O+ Nd7
8.Nf3 Kc8 9.Bh4 h6 10.h3 Nh5 11.Nxe5 g5 12.Nxd7 Bxd7 13.g4 gxh4 14.gxh5 Bc5
15.Rd2 Rg8 16.Bc4 Bd6 17.Kd1 Rg7 18.Rd3 a6 19.Rf3 Be6 20.Bxe6+ fxe6 21.Rf6 Kd7
22.Ke2 Rag8 23.Rxh6 Ke7 24.Kf1 Be5 25.Rg6 Rxg6 26.hxg6 Bxc3 27.bxc3 Rxg6
28.Rg1 Rh6 29.e5 Kd7 30.Ke2 Kc6 31.f4 Kd5 32.Kd3 Rh7 33.c4+ Kc5 34.Rg6 Rd7+
35.Ke3 Re7 36.f5 exf5 37.Kf4 Kxc4 38.Kxf5 Kd5 39.c4+ Kxc4 40.Kf6 Rd7 41.e6 Rd3
42.e7 Rf3+ 43.Kg7 Re3 44.Kf7  1-0

[Event "Oberliga SuedW 9394"]
[Site "GER"]
[Date "1993.??.??"]
[Round "?"]
[White "Krieger, Hermann"]
[Black "Ruthenberg, Helmut"]
[Result "0-1"]
[WhiteElo "2280"]
[BlackElo "2275"]

1.e4 d6 2.d4 Nf6 3.Nc3 c6 4.Be3 Qc7 5.Qd2 b5 6.a3 a6 7.f3 e5 8.g4 Be7 9.g5 Nh5
10.Nge2 Nd7 11.Ng3 Nxg3 12.hxg3 Nb6 13.b3 c5 14.d5 Bd7 15.Qf2 Rb8 16.f4 b4
17.axb4 cxb4 18.Nd1 Bb5 19.Bxb5+ axb5 20.f5 Nd7 21.Ra7 Rb7 22.Ra8+ Rb8 23.Ra7 Qc8
24.f6 gxf6 25.gxf6 Bd8 26.Rh6 Ra8 27.Rxa8 Qxa8 28.g4 Qc8 29.Qf5 Qxc2 30.g5 Nf8
31.Rh3 Ng6 32.Bd2 Bb6 33.Bxb4 Nf4 34.Qg4 Qxe4+ 35.Kf1 O-O 36.Bxd6 Rd8 37.Be7 Rxd5
38.Nc3 Qc2  0-1

[Event "Verbandsliga Nord Baden"]
[Site "Germany"]
[Date "1993.??.??"]
[Round "?"]
[White "Seelinger, Lorenz"]
[Black "Schmaltz, Roland"]
[Result "0-1"]
[WhiteElo "2270"]
[BlackElo "2390"]

1.e4 d6 2.d4 Nf6 3.Nc3 Nbd7 4.Nf3 e5 5.Bc4 Be7 6.Ng5 O-O 7.Bxf7+ Rxf7 8.Ne6 Qe8
9.Nxc7 Qd8 10.Nxa8 b5 11.dxe5 dxe5 12.Nd5 Bd6 13.Bg5 Bb7 14.Qd3 Bxd5 15.Qxd5 Bb4+
16.c3 Qc8 17.Qd3 Bf8 18.Bxf6 Nxf6 19.f3 Qxa8 20.Qxb5 Rb7 21.Qe2 Qc8 22.O-O Nh5
23.g3 Rb6 24.Rad1 Rg6 25.Kf2 h6 26.Ke1 Rb6 27.Rd5 Qb8 28.b3 Nf6 29.Rd3 Qc7
30.Qd2 Kh7 31.Ke2 Rc6 32.c4 Qf7 33.Kd1 Nxe4 34.Qe3 Nc5 35.Rd5 Qg6 36.Kc1 Be7
37.Rfd1 e4 38.fxe4 Bg5 39.Rxg5 hxg5 40.e5 a5 41.Rd5 Na6 42.Rxa5 Nb4 43.Kb2 Qc2+
44.Ka3 Nd3 45.Qe4+ Rg6 46.Qd4 Qd2  0-1

[Event "Bundesliga 9293"]
[Site "Germany"]
[Date "1993.??.??"]
[Round "?"]
[White "Schmidt, Bodo"]
[Black "Ruf, Matthias"]
[Result "1/2-1/2"]
[WhiteElo "2340"]
[BlackElo "2425"]

1.d4 d6 2.e4 Nf6 3.Nc3 Nbd7 4.Nf3 e5 5.g3 g6 6.Bg2 Bg7 7.dxe5 dxe5 8.O-O O-O
9.b3 Re8 10.Bb2 b6 11.Re1 Bb7 12.a4 a6 13.Nd2 Nc5 14.Nc4 Nfd7 15.Nd5 Rb8
16.b4 Nxa4 17.Rxa4 b5 18.Bh3 Nf8 19.Ra5 bxc4 20.Rc5 Bxd5 21.Rxd5 Qe7 22.Bc3 Rb5
23.Qa1 c6 24.Rdd1 Rb6 25.Qa5 Reb8 26.Bf1  1/2-1/2

[Event "Bundesliga 9293"]
[Site "Germany"]
[Date "1993.??.??"]
[Round "?"]
[White "Wegner, Hannu"]
[Black "Urban, Julian"]
[Result "1-0"]
[WhiteElo "2365"]
[BlackElo "2400"]

1.e4 d6 2.d4 Nf6 3.Nc3 Nbd7 4.Nf3 e5 5.Bc4 Be7 6.O-O O-O 7.a4 a5 8.Re1 c6
9.h3 Qc7 10.Ba2 b6 11.Be3 Ba6 12.Nh4 g6 13.Nf3 Nh5 14.Bh6 Rfe8 15.Ng5 Bxg5
16.Bxg5 Nf8 17.Be3 Kh8 18.Qf3 Kg7 19.Rad1 Rad8 20.Rd2 f6 21.Red1 Bc8 22.Qe2 Nf4
23.Qc4 N8e6 24.d5 Nc5 25.Bxc5 bxc5 26.dxc6 Be6 27.Qa6 Bxa2 28.Nxa2 f5 29.Nc3 Qe7
30.Qb7 Qxb7 31.cxb7 Rb8 32.Nb5 Re7 33.Nxd6 fxe4 34.Re1 Kh6 35.Rxe4 Rd7 36.Rxe5 Rbxb7
37.Rxc5 Ne6 38.Rxa5  1-0

[Event "BL2-S9293"]
[Site "Germany"]
[Date "1993.??.??"]
[Round "?"]
[White "Dittmar, Peter"]
[Black "Mohrlok, Dieter"]
[Result "1/2-1/2"]
[WhiteElo "2290"]
[BlackElo "2420"]

1.e4 d6 2.d4 Nf6 3.Nc3 Nbd7 4.Nf3 e5 5.Bc4 Be7 6.O-O O-O 7.Qe2 c6 8.a4 b6
9.d5 c5 10.Ba6 Bxa6 11.Qxa6 Ne8 12.a5 Nc7 13.Qd3 Qb8 14.axb6 axb6 15.Rxa8 Qxa8
16.Nb5 Rc8 17.Nxc7 Rxc7 18.Qb5 f5  1/2-1/2

[Event "BL9293 (Women)"]
[Site "Germany"]
[Date "1993.??.??"]
[Round "?"]
[White "Gerlach, Manuela"]
[Black "Lauterbach, Ingrid"]
[Result "0-1"]
[WhiteElo "2070"]
[BlackElo "2130"]

1.d4 d6 2.e4 Nf6 3.Nc3 c6 4.f4 Qa5 5.Bd3 Qb6 6.Nf3 Bg4 7.Be2 Nbd7 8.e5 Nd5
9.Nxd5 cxd5 10.h3 Bxf3 11.Bxf3 e6 12.c3 Be7 13.g3 O-O 14.Qe2 Qc7 15.O-O Rae8
16.Kh2 Nb6 17.Bg2 a5 18.Qd3 Rc8 19.exd6 Bxd6 20.f5 exf5 21.Rxf5 g6 22.Rf6 Be7
23.Rf2 Rfe8 24.Bf4 Bd6 25.Raf1 Bxf4 26.Rxf4 f5 27.R4f2 Qd7 28.Qf3 Re7 29.Qf4 Rce8
30.Qg5 Rg7 31.Bf3 Qe7 32.Qd2 Qe3 33.Qxe3 Rxe3 34.Re2 Rge7 35.Rxe3 Rxe3 36.Kg2 Kf7
37.Kf2 Re6 38.Re1 Rxe1 39.Kxe1 Ke6 40.b3 Nd7 41.g4 Nf6 42.gxf5+ Kxf5 43.c4 Ke6
44.Ke2 b6 45.Ke3 g5 46.Kf2 Kd6 47.Kg3 h6 48.Bxd5 Nxd5 49.cxd5 h5  0-1

[Event "BL9293 (Women)"]
[Site "Germany"]
[Date "1993.??.??"]
[Round "?"]
[White "Schulz, Petra"]
[Black "Lauterbach, Ingrid"]
[Result "0-1"]
[WhiteElo "2060"]
[BlackElo "2130"]

1.e4 d6 2.d4 Nf6 3.Nc3 c6 4.f4 Qa5 5.Bd3 e5 6.Nf3 exd4 7.Nxd4 Qb6 8.Nf3 Be7
9.Qe2 O-O 10.Rb1 d5 11.e5 Ng4 12.h3 Nh6 13.Be3 Qa5 14.O-O Nf5 15.Bxf5 Bxf5
16.g4 Bc8 17.Kh2 Qc7 18.f5 b6 19.b4 Bb7 20.Bf4 c5 21.b5 f6 22.Qd2 d4 23.exf6 Bd6
24.Ne2 Rxf6 25.Ng5 Nd7 26.Ne6 Bxf4+ 27.Qxf4 Qxf4+ 28.N2xf4 Ne5 29.Kg3 Nc4
30.Rfe1 Nd2 31.Rb2 Ne4+ 32.Kh2 Rf7 33.a4 Re8 34.Ra2 g5 35.Nd3 Nc3 36.Raa1 Bd5
37.Nxg5 Rfe7 38.Rxe7 Rxe7 39.Nf4 Bc4 40.Nge6 Nd5 41.Nxd5 Bxd5 42.Nf4 Bc4
43.a5 Bxb5 44.axb6 axb6 45.Rb1 Ba4 46.Rxb6 Bxc2 47.Ne6 Kf7 48.Rd6 d3 49.Kg3 Rxe6
50.fxe6+ Ke7 51.Rd5 Kxe6 52.Rxc5 d2 53.Rxc2 d1=Q 54.Rf2 Qg1+ 55.Rg2 Qe3+
56.Kh2 Ke5 57.h4 Qe1 58.h5 Kf4  0-1

[Event "BL2-O9293"]
[Site "Germany"]
[Date "1993.??.??"]
[Round "?"]
[White "Braun, Gottfried"]
[Black "Pribyl, Josef"]
[Result "0-1"]
[WhiteElo "2365"]
[BlackElo "2475"]

1.e4 d6 2.d4 Nf6 3.Nc3 c6 4.Nf3 Bg4 5.Be2 e6 6.Be3 Be7 7.O-O d5 8.e5 Nfd7
9.Nd2 Bxe2 10.Nxe2 c5 11.c3 Nc6 12.f4 Qb6 13.Qb3 cxd4 14.Nxd4 Bc5 15.Qxb6 Bxb6
16.N2b3 g5 17.Rae1 gxf4 18.Bxf4 Rc8 19.Kh1 a6 20.Nf3 Ne7 21.Re2 Rc4 22.Ne1 Ng6
23.Bg3 h5 24.h3 h4 25.Bh2 Ra4 26.a3 Rh5 27.Nf3 Re4 28.Rfe1 Rxe2 29.Rxe2 Bc7
30.a4 b6 31.Nbd4 Ndxe5 32.Nxe5 Bxe5 33.Bg1 Kd7 34.Rd2 Bc7 35.Nf3 Ne5 36.Nd4 Nc4
37.Rf2 f5 38.Bh2 Bxh2 39.Kxh2 Nd6 40.Rf1 e5 41.Nc2 Ke6 42.Rd1 Ne8 43.a5 b5
44.Nb4 Nc7 45.Kg1 f4 46.Kf2 e4 47.Nc6 Rg5 48.Nd4+ Kd6 49.Ne2 Ne6 50.b4 Ke5
51.Rc1 Rg7 52.Rd1 Rc7 53.Rf1 d4 54.cxd4+ Nxd4 55.Nxd4 Kxd4 56.Rd1+ Ke5 57.Rd8 Rc2+
58.Kf1 Rb2 59.Ra8 Rxb4 60.Rxa6 Rb1+ 61.Ke2 Rb2+ 62.Kf1 Ra2 63.Ra8 Kd4 64.a6 Ke3
65.Kg1 Ra1+ 66.Kh2 Ke2 67.a7 e3 68.Rf8 Rxa7 69.Rxf4 Kd3 70.Rf8 Re7  0-1

[Event "BL2-N9293"]
[Site "Germany"]
[Date "1993.??.??"]
[Round "?"]
[White "Cladouras, Panagiotis"]
[Black "Blatny, Pavel"]
[Result "1/2-1/2"]
[WhiteElo "2330"]
[BlackElo "2505"]

1.e4 d6 2.d4 Nf6 3.Nc3 c6 4.Nf3 Bg4 5.h3 Bh5 6.Qd3 e6 7.g3 d5 8.Ne5 Bb4 9.g4 Bg6
10.Nxg6 hxg6 11.exd5 Qxd5 12.Rg1 Qe4+ 13.Qxe4 Nxe4 14.Bd2 Nxd2 15.Kxd2 Nd7
16.Ke2 Nf6 17.Bg2 O-O-O 18.Nd1 Ba5 19.c3 Bc7 20.Ne3 Rh4 21.Rad1 Nh7 22.Rd3 Ng5
23.Nc4 Rdh8 24.Rh1 f5 25.gxf5 exf5 26.Re3 Kd7 27.Rg1 Ne6 28.Re1 f4 29.Ne5+ Bxe5
30.Rxe5 R8h5 31.Kf1 Rxe5 32.Rxe5 Rh5 33.Re4 Rh4 34.Re5 Rh5 35.Re4 Rh4 36.Re5  1/2-1/2

[Event "BL2-O9293"]
[Site "Germany"]
[Date "1993.??.??"]
[Round "?"]
[White "Ploetz, Werner"]
[Black "Pribyl, Martin"]
[Result "0-1"]
[WhiteElo "2235"]
[BlackElo "2265"]

1.e4 d6 2.d4 Nf6 3.Nc3 c6 4.f4 Qa5 5.Bd3 e5 6.dxe5 dxe5 7.f5 b5 8.Be3 b4
9.Nb1 Ba6 10.Nd2 Bxd3 11.cxd3 Qb5 12.Qe2 Nbd7 13.Nh3 Bc5 14.Nf2 Rd8 15.Rc1 O-O
16.O-O Bb6 17.Nc4 Bxe3 18.Qxe3 Nb6 19.b3 Rd4 20.Nd2 Nfd7 21.f6 Nxf6 22.Nf3 Rd6
23.Rc5 Qa6 24.Rxe5 Qxa2 25.Nd4 Qb2 26.Nf5 Qxe5 27.Qg5 Nfd7 28.Ng4 Rg6 29.Ne7+ Qxe7
30.Qxe7 Rxg4 31.Ra1 Rg6 32.Qxb4 c5 33.Qc3 Ra8 34.h3 Rd6 35.Rd1 Rd4 36.Qe1 f6
37.Qe2 Ne5 38.Qc2 Nbd7 39.Rd2 a5 40.Rd1 a4 41.bxa4 Rdxa4 42.Qb3+ Kh8 43.Qd5 Rb8
44.d4 cxd4 45.Rxd4 Rxd4 46.Qxd4 Re8 47.Qa4 Kg8 48.Qb3+ Nf7 49.Qd5 Ne5 50.Qb5 Nd6
51.Qd5+ Nef7 52.Qc6 Rxe4 53.Qa8+ Re8 54.Qd5 f5 55.Qb3 h6 56.Qd5 Kh7 57.Qf3 Ng5
58.Qd5 Nge4 59.Kh2 Rf8 60.Kg1 Rf6 61.Kh2 f4 62.Qd3 Kh8 63.Qf3 Ng3 64.Qa8+ Kh7
65.Qd5 Ndf5 66.Qd3 Rd6 67.Qc2 Nf1+ 68.Kg1 Ne3  0-1

[Event "Oberliga Nord N9293"]
[Site "Germany"]
[Date "1993.??.??"]
[Round "?"]
[White "Putzbach, Gerd"]
[Black "Mordhorst, Henning"]
[Result "1-0"]
[WhiteElo "2275"]
[BlackElo "2310"]

1.e4 d6 2.d4 Nf6 3.Nc3 c6 4.a4 a5 5.Bg5 Qb6 6.Qd3 Na6 7.O-O-O Bd7 8.f4 O-O-O
9.Nf3 Nb4 10.Qd2 d5 11.Ne5 Be8 12.exd5 Nfxd5 13.Nc4 Qc7 14.f5 Nxc3 15.bxc3 Nd5
16.Nb2 f6 17.Bh4 e5 18.fxe6 Ba3 19.Bc4 b5 20.axb5 Nb6 21.Bb3 cxb5 22.Bg3 Qb7
23.Kb1 Nc4 24.Bxc4 bxc4 25.Qc1 Rd5 26.Ka2 Qe7 27.Qf4 Bd6 28.Qe3 Bb5 29.Rhe1 Re8
30.Qe4 Bc6 31.Nxc4 Bxg3 32.Nb6+ Kd8 33.Nxd5 Qb7 34.e7+ Kc8 35.Qe6+ Bd7 36.Nb6+ Kc7
37.Qxd7+  1-0

[Event "Bundesliga 9293"]
[Site "Germany"]
[Date "1993.??.??"]
[Round "?"]
[White "Schlick, Volker"]
[Black "Vokac, Marek"]
[Result "1/2-1/2"]
[WhiteElo "2305"]
[BlackElo "2395"]

1.e4 d6 2.d4 Nf6 3.Nc3 c6 4.Nf3 Bg4 5.Be2 e6 6.O-O Be7 7.h3 Bh5 8.Be3 d5
9.exd5 exd5 10.Ne5 Bxe2 11.Nxe2 Nbd7 12.Ng3 g6 13.Re1 Nxe5 14.dxe5 Nd7 15.c4 dxc4
16.Qc2 Qc7 17.Bd4 c5 18.Qxc4 Nb6 19.Qb5+ Qd7 20.Qxd7+ Nxd7 21.Bc3 O-O 22.Ne4 b5
23.Rad1 Nb6 24.Ba5 Rfd8 25.Rc1 c4 26.Rc2 Rd3 27.Nc3 b4 28.Ne4 Rc8 29.Nf6+ Kg7
30.Re4 Rc6 31.Ne8+ Kf8 32.Nd6 f5 33.Re1 b3 34.axb3 Rxb3 35.Rec1 Rc5 36.Bc3 Rc6
37.Ra1 Bxd6 38.exd6 Rxd6 39.Rxa7 Rd7 40.Ra6 Nd5 41.Bd4 Nf4 42.Be3 Nd3 43.Rxc4 Rxb2
44.Bh6+ Kf7 45.Rcc6 Rb1+ 46.Kh2 Nxf2 47.Rf6+ Ke8 48.Rf8+ Ke7 49.Rh8 Rh1+
50.Kg3 Ne4+ 51.Kf4 Nd6 52.Rxh7+ Ke6 53.Rxd7 Kxd7 54.Kg5 Rh2 55.Ra2 Nf7+ 56.Kxg6 Nxh6
57.Kxh6 f4 58.Rf2 Ke7 59.Rxf4 Rxg2 60.h4 Rg1 61.h5 Rg2 62.Kh7 Rg1 63.h6 Rg2
64.Kh8 Rg1 65.Ra4 Kf7 66.Ra7+ Kf8 67.Kh7 Rg2 68.Rg7 Rf2 69.Rg3 Rf1 70.Kh8 Rf2
71.Rg8+ Kf7 72.Ra8 Rf1 73.Kh7 Rf2 74.Ra7+ Kf8 75.Kg6 Rg2+  1/2-1/2

[Event "BL2-O9293"]
[Site "Germany"]
[Date "1993.??.??"]
[Round "?"]
[White "Heinz, Juergen"]
[Black "Hesse, Peter"]
[Result "0-1"]
[WhiteElo "2310"]
[BlackElo "2360"]

1.e4 d6 2.d4 Nf6 3.Nc3 e5 4.dxe5 dxe5 5.Qxd8+ Kxd8 6.Bg5 c6 7.f4 h6 8.O-O-O+ Kc7
9.Bxf6 gxf6 10.fxe5 fxe5 11.Nf3 Nd7 12.Bc4 f6 13.Nh4 Bc5 14.Rhf1 b5 15.Be6 Rh7
16.Rf3 Nb6 17.Bxc8 Rxc8 18.Ne2 Rg8 19.Ng3 Rg4 20.Nhf5 h5 21.h4 Nd7 22.a3 a5
23.Rc3 Kb6 24.Kb1 b4 25.axb4 axb4 26.Rcd3 Nf8 27.Rd8 Ne6 28.R1d7 Rxd7 29.Rxd7 Nd4
30.Nxh5 Rxe4 31.Nxd4 Bxd4 32.Nxf6 Rxh4 33.g4 Rh2 34.Rh7 Rg2 35.Rh3 Kb5 36.Rh1 c5
37.Re1 c4 38.Nd7 b3 39.c3 Bf2 40.Rf1 e4 41.Kc1 e3 42.Kd1 Bg3 43.Rf5+ Kc6
44.Ne5+ Kb7 45.Rf7+ Kc8 46.Rf8+ Kb7 47.Rf7+ Ka6 48.Rf6+ Kb5 49.Nf3 e2+ 50.Kc1 Rg1+
51.Kd2 e1=Q+ 52.Nxe1 Bxe1+ 53.Ke2 Bxc3  0-1

[Event "BL2-O9293"]
[Site "Germany"]
[Date "1993.??.??"]
[Round "?"]
[White "Espig, Lutz"]
[Black "Braun, Gottfried"]
[Result "1-0"]
[WhiteElo "2445"]
[BlackElo "2365"]

1.d4 d6 2.e4 Nf6 3.Nc3 e5 4.Nf3 Nbd7 5.Bc4 Be7 6.O-O O-O 7.Re1 a6 8.a4 exd4
9.Nxd4 Ne5 10.Bf1 Re8 11.h3 Bf8 12.Bg5 h6 13.Bh4 Bd7 14.f4 Ng6 15.Bg3 c5
16.Nb3 Bc6 17.Nd2 d5 18.f5 Ne7 19.Bh4 dxe4 20.Bxf6 gxf6 21.Ndxe4 Bg7 22.Qg4 Qd4+
23.Kh1 Kf8 24.Rad1 Qb4 25.Qh5 Nc8 26.Bd3 Ra7 27.Re3 b6 28.Rg3 Bxe4 29.Bxe4 Rc7
30.Qg4 Bh8 31.Nd5  1-0

[Event "BL2-N9293"]
[Site "Germany"]
[Date "1993.??.??"]
[Round "?"]
[White "Blatny, Pavel"]
[Black "Tomczak, Rainer"]
[Result "0-1"]
[WhiteElo "2505"]
[BlackElo "2365"]

1.e4 d6 2.d4 Nf6 3.Nc3 e5 4.Nf3 exd4 5.Nxd4 Be7 6.Be2 O-O 7.O-O Nc6 8.Be3 Nxd4
9.Bxd4 c5 10.Be3 Be6 11.f4 d5 12.f5 d4 13.fxe6 fxe6 14.e5 Nd7 15.Bc4 Rxf1+
16.Qxf1 Nf8 17.Rd1 Qb6 18.Na4 Qa5 19.Nxc5 dxe3 20.Nxe6 Nxe6 21.Qf5 Kh8 22.Qxe6 Qc5
23.Be2 Rf8 24.c3 Rf2 25.Bc4 Rf8 26.Kh1 b5 27.Be2 Rf2 28.b4 Qc7 29.Bxb5 Qb7
30.Qh3 Qxb5 31.Qxe3 Rf1+ 32.Rxf1 Qxf1+ 33.Qg1 Qxg1+ 34.Kxg1 Bg5 35.c4 Bd2
36.b5 Bc3 37.Kf2 Bxe5 38.Ke3 Kg8 39.a4 Kf7 40.h3 Ke6 41.Ke4 Bg3 42.c5 Bf2
43.c6 Bb6 44.h4 Kd6 45.Kf5 Kc5 46.Ke6 Kb4 47.Kf7 h5 48.Kxg7 Kxa4 49.Kg6 Kxb5
50.Kxh5 a5 51.g4 a4 52.g5 Kxc6 53.g6 Bd4  0-1

[Event "Bundesliga 9293"]
[Site "Germany"]
[Date "1993.??.??"]
[Round "?"]
[White "Heinatz, Thomas"]
[Black "Schwarz, Michael"]
[Result "1-0"]
[WhiteElo "2365"]
[BlackElo "2385"]

1.e4 d6 2.d4 Nf6 3.Nc3 c6 4.Nf3 Bg4 5.Be3 e6 6.Be2 Be7 7.O-O O-O 8.a4 d5
9.e5 Nfd7 10.Nd2 Bxe2 11.Nxe2 c5 12.c3 Nc6 13.f4 Rc8 14.f5 Bg5 15.Bf2 cxd4
16.cxd4 Nb6 17.b3 Nb4 18.Nf3 exf5 19.Nxg5 Qxg5 20.a5 Nd7 21.Ra4 Nc2 22.Qd3 f4
23.Qh3 Nb8 24.Bh4 Qg6 25.Rxf4 Qh5 26.Rf3 Nc6 27.Ng3 Qh6 28.Nf5 Qc1+ 29.Rf1 Qd2
30.Qg4 g6 31.Rd1 h5 32.Qf3 N2xd4 33.Nxd4 Qb2 34.Bf6  1-0

[Event "BL2-O9293"]
[Site "Germany"]
[Date "1993.??.??"]
[Round "?"]
[White "Jansa, Vlastimil"]
[Black "Braun, Gottfried"]
[Result "1/2-1/2"]
[WhiteElo "2520"]
[BlackElo "2365"]

1.e4 d6 2.d4 Nf6 3.Nc3 e5 4.Nf3 Nbd7 5.Bc4 Be7 6.O-O O-O 7.Re1 a6 8.a4 exd4
9.Nxd4 Ne5 10.Ba2 Nc6 11.h3 Nb4 12.Bb3 c5 13.Nf3 Be6 14.Bxe6 fxe6 15.Ne2 Ne8
16.c3 Nc6 17.Qb3 Qd7 18.Be3 Nc7 19.Rad1 b6 20.Bf4 b5 21.Bxd6 Bxd6 22.e5 Nxe5
23.Nxe5 Qe7 24.Ng3 c4 25.Qc2 Nd5 26.axb5 axb5 27.Nf3 Nf4 28.Nd4 Bc5 29.Qe4 Ra2
30.Rd2 b4 31.Nc6 Qg5 32.cxb4 Bb6 33.Rc2 Qxg3 34.Kh1 Bxf2 35.Rd1 Nd3 36.Qxc4 Nf4
37.Qe4 Bb6 38.Ne7+ Kh8 39.Rc8 Rxc8 40.Nxc8 Nxh3 41.Nxb6 Nf2+ 42.Kg1 Nh3+  1/2-1/2

[Event "Bundesliga 9293"]
[Site "Germany"]
[Date "1993.??.??"]
[Round "?"]
[White "Vogt, Lothar"]
[Black "Ruf, Matthias"]
[Result "1/2-1/2"]
[WhiteElo "2520"]
[BlackElo "2425"]

1.e4 d6 2.d4 Nf6 3.Nc3 Nbd7 4.f4 e5 5.Nf3 c6 6.dxe5 dxe5 7.fxe5 Ng4 8.e6 fxe6
9.Ng5 Nde5 10.Qxd8+ Kxd8 11.h3 Nh6 12.Bf4 Ng6 13.Bg3 Be7 14.Nf3 Ke8 15.O-O-O Rf8
16.Bc4 Nf4 17.Ne1 Bg5 18.Kb1 Nf7 19.Nf3 Bh6 20.Rhg1 Bd7 21.Bb3 c5 22.a4 Ke7
23.h4 Rac8 24.Bc4 g6 25.e5 Bc6 26.Bb5 Bxb5 27.axb5 b6 28.Rde1 Rcd8 29.Re4 Nd5
30.h5 g5 31.Ra4 Ra8 32.Ne4 Nc7 33.c4 a6 34.bxa6 Nxa6 35.Nf6 Bg7 36.Nxh7 Rh8
37.Nhxg5 Rxh5 38.Nxf7 Kxf7 39.Rd1 Kg6 40.b3 Kf5 41.Bh2 Rhh8 42.Rd7 Rhg8 43.Ra2 Bh8
44.Rf7+ Kg6 45.Re7 Kf5 46.Rf2 Rae8 47.Rb7 Rb8 48.Nd4+ Ke4 49.Rxb8 Nxb8 50.Nxe6 Nc6
51.Rf8 Rxf8 52.Nxf8 Bxe5 53.Bxe5 Nxe5 54.Ne6 Ng4 55.Nc7 Ne3 56.g3 Nf1 57.g4 Ne3
58.g5 Kf5 59.Na8 Kxg5 60.Nxb6 Kf5 61.Na4 Ke4 62.Nxc5+ Kd4 63.Ne6+ Kc3 64.Ka2 Nxc4
65.bxc4 Kxc4  1/2-1/2

[Event "Bundesliga 9293"]
[Site "Germany"]
[Date "1993.??.??"]
[Round "?"]
[White "Tischbierek, Raj"]
[Black "Urban, Julian"]
[Result "1-0"]
[WhiteElo "2490"]
[BlackElo "2390"]

1.e4 d6 2.d4 Nf6 3.Nc3 Nbd7 4.Nf3 e5 5.Bc4 Be7 6.O-O O-O 7.a4 a5 8.Re1 c6
9.b3 exd4 10.Nxd4 Nc5 11.Bf1 Qb6 12.Bb2 Rd8 13.Qf3 Ng4 14.Rad1 Bh4 15.g3 Bf6
16.h3 Ne5 17.Qe3 Be6 18.Ba3 Bc8 19.f4 Ng6 20.Kh1 Re8 21.Bg2 h5 22.Nde2 Nxa4
23.Qxb6 Nxb6 24.Bxd6 a4 25.Bc7 Ra6 26.Bxb6 Rxb6 27.Nxa4 Ra6 28.Nac3 h4 29.e5 Be7
30.g4 Bb4 31.Rf1 f6 32.e6 f5 33.gxf5 Ne7 34.Be4 Ra5 35.f6 gxf6 36.f5 Re5
37.Rf4 Kf8 38.Rdf1 Bc5 39.Rxh4 Nd5 40.Bxd5 cxd5 41.Nf4  1-0

[Event "Bundesliga 9293"]
[Site "Germany"]
[Date "1993.??.??"]
[Round "?"]
[White "Messmer, Martin"]
[Black "Wegner, Hannu"]
[Result "0-1"]
[WhiteElo "2340"]
[BlackElo "2370"]

1.d4 Nf6 2.Nc3 d6 3.e4 e5 4.Nf3 Nbd7 5.Bc4 Be7 6.O-O O-O 7.a4 a5 8.Qe2 c6
9.Rd1 exd4 10.Nxd4 Ne5 11.Ba2 Re8 12.Bf4 Bf8 13.Nf3 Nxf3+ 14.gxf3 Be6 15.Bxe6 Rxe6
16.Rd3 Nh5 17.Bg3 f5 18.Qd2 Qf6 19.exf5 Qxf5 20.Ne2 Qf7 21.c4 Rf6 22.Qc3 Re8
23.Nd4 Nf4 24.Re3 c5 25.Rxe8 Qxe8 26.Bxf4 Rxf4 27.Nc2 Qf7 28.Ne3 Rxf3 29.Rf1 Qg6+
30.Kh1 Qe4 31.Kg1 d5 32.cxd5 Bd6 33.Rd1 Qh4 34.Qc2 Bxh2+ 35.Kf1 Bg3 36.Rd2 Qh1+
37.Ke2 Bxf2 38.Nf1 Bd4 39.Rd1 Qg2+  0-1

[Event "BL2-N9293"]
[Site "Germany"]
[Date "1993.??.??"]
[Round "?"]
[White "Kalinitschew, Sergey"]
[Black "Tomczak, Rainer"]
[Result "1-0"]
[WhiteElo "2480"]
[BlackElo "2365"]

1.d4 d6 2.e4 Nf6 3.Nc3 e5 4.Nf3 exd4 5.Nxd4 Be7 6.g3 d5 7.e5 Ne4 8.Nxe4 dxe4
9.Bf4 O-O 10.Bg2 c5 11.Ne2 Bf5 12.Nc3 Nc6 13.Bxe4 Bxe4 14.Nxe4 Qb6 15.O-O Rad8
16.Qg4 Qxb2 17.c3 Qc2 18.Bh6 g6 19.Bxf8 Kxf8 20.Qf4 Kg7 21.Rfe1 Rd5 22.Nf6 Rd3
23.Ne8+ Kf8 24.Nd6 Nd8 25.Qh6+ Kg8 26.Ne8 Ne6 27.Nf6+ Bxf6 28.exf6 Rd7 29.Qf4 h5
30.Qb8+ Rd8 31.Qxb7 Qxc3 32.Qe7 Rc8 33.Rab1 Ng5 34.Qd7 Rf8 35.Re8 Qxf6 36.Rbb8 Ne6
37.Rxf8+ Nxf8 38.Qxa7 Kg7 39.Qa4 Ne6 40.Qe8  1-0

[Event "BL2-O9293"]
[Site "Germany"]
[Date "1993.??.??"]
[Round "?"]
[White "Schoeneberg, Manfred"]
[Black "Pribyl, Josef"]
[Result "1/2-1/2"]
[WhiteElo "2330"]
[BlackElo "2475"]

1.e4 Nf6 2.Nc3 d6 3.d4 e5 4.Nf3 Nbd7 5.Bc4 Be7 6.O-O O-O 7.dxe5 Nxe5 8.Qe2 c6
9.a4 Qc7 10.Bg5 h6 11.Bh4 Nh7 12.Bxe7 Qxe7  1/2-1/2

[Event "BL2-S9293"]
[Site "Germany"]
[Date "1993.??.??"]
[Round "?"]
[White "Fritsch, Rolf"]
[Black "Miltner, Arndt"]
[Result "1/2-1/2"]
[WhiteElo "2220"]
[BlackElo "2320"]

1.d4 d6 2.e4 Nf6 3.Nc3 e5 4.dxe5 dxe5 5.Qxd8+ Kxd8 6.Nf3 Bd6 7.Bg5 Be6 8.O-O-O Ke7
9.Nd5+ Bxd5 10.exd5 h6 11.Bh4 Nd7 12.Bb5 g5 13.Bg3 a6 14.Bxd7 Nxd7 15.Rhe1 Kf6
16.h4 Rhe8 17.hxg5+ hxg5 18.Nd2 Kg6 19.f3 f5 20.Bf2 Nf6 21.c4 b5 22.b3 Bb4
23.Re2 c6 24.dxc6 Rac8 25.Rde1 Rxc6 26.Rxe5 bxc4 27.bxc4 Rd8 28.R1e2 Bxd2+
29.Rxd2 Rxc4+ 30.Rc2 Rxc2+ 31.Kxc2 Nd5 32.Bc5 Kf6 33.Bd4 Nb4+ 34.Kc3 Rxd4
35.Ra5 Rf4 36.a3 Na2+ 37.Kb2 Rd4 38.Rxa6+ Ke5 39.Kxa2 Rd2+ 40.Kb3 Rxg2 41.Rc6 Kf4
42.Rc3 Rf2 43.a4 g4 44.fxg4 fxg4 45.Rc8 Rf3+ 46.Kb4 g3 47.Rg8 Ke3 48.a5 Kf2
49.a6 Rf7  1/2-1/2

[Event "BL2-O9293"]
[Site "Germany"]
[Date "1993.??.??"]
[Round "?"]
[White "Seyb, Dieter"]
[Black "Mirschinka, Dirk"]
[Result "1/2-1/2"]
[WhiteElo "2290"]
[BlackElo "2240"]

1.e4 d6 2.d4 Nf6 3.Nc3 e5 4.Nf3 Nbd7 5.Bc4 Be7 6.O-O O-O 7.Re1 c6 8.a4 Ne8
9.Be3 Nc7 10.a5 Bf6 11.h3 Qe7 12.d5 Rd8 13.Qd2 Kh8 14.Nh2 Nf8 15.Ng4 Ng6
16.Nxf6 gxf6 17.g4 Rg8 18.Kf1 Nh4 19.Qe2 f5 20.exf5 Nxf5 21.gxf5 Qh4 22.Rec1 Bxf5
23.Ke1 cxd5 24.Bxd5 Nxd5 25.Nxd5 Be4 26.Ra4 f5 27.Nc3 d5 28.Kd2 d4 29.Rxd4 Rad8
30.Rxd8 Qxd8+ 31.Nd5 Qxd5+ 32.Kc3 Qxa5+ 33.Kb3 Bd5+ 34.c4 Bf7 35.Bd2 Qb5+
36.Kc3 Qc5 37.b4 Qd4+ 38.Kb3 Rc8 39.Bc3 Qxc4+ 40.Qxc4 Bxc4+ 41.Kb2 Kg8 42.Bxe5 b5
43.Rg1+ Kf7 44.Rg7+ Ke6 45.f4  1/2-1/2

[Event "BL2-O9293"]
[Site "Germany"]
[Date "1993.??.??"]
[Round "?"]
[White "Siepelt, Heiner"]
[Black "Lorenz, Gerd"]
[Result "1-0"]
[WhiteElo "2300"]
[BlackElo "2220"]

1.e4 d6 2.d4 Nf6 3.Nc3 e5 4.Nf3 Nbd7 5.a4 Be7 6.g3 O-O 7.Bg2 c6 8.O-O Ne8
9.Re1 g6 10.b3 Bf6 11.Bb2 Nc7 12.Qd2 Qe7 13.Rad1 Rd8 14.Ba3 exd4 15.Nxd4 Nc5
16.h3 Qf8 17.Qe3 a5 18.f4 N7a6 19.Na2 Re8 20.Qd2 Qh6 21.g4 Bxd4+ 22.Qxd4 Ne6
23.Qxd6 Nxf4 24.Bc1 Nxh3+ 25.Kh2 Qh4 26.Qg3 Qxg4 27.Bxh3 Qh5 28.Kg2 Nc5 29.Bxc8 Raxc8
30.Qf3 Qe5 31.Nc3 Ne6 32.Ne2 Rcd8 33.Nf4 Ng5 34.Qe3 Rxd1 35.Rxd1 Nxe4 36.Nd3 Qd5
37.Qf3 Nc3 38.Qxd5 Re2+ 39.Kf3 cxd5 40.Rd2 Re7 41.Nf4 Rc7 42.Bb2 f5 43.Bxc3 Rxc3+
44.Kf2 Kf7 45.Nxd5 Rc6 46.Re2 g5 47.Re7+ Kg6 48.c4 h6 49.Rxb7 Kh5 50.Rb6 Rc8
51.Kg3 f4+ 52.Kf3 Rf8 53.Nf6+  1-0

[Event "Baden-NRW"]
[Site "Germany"]
[Date "1993.??.??"]
[Round "?"]
[White "Schaefer, Markus"]
[Black "Schmidt Schaeffer, Sebastian"]
[Result "1-0"]
[WhiteElo "2430"]
[BlackElo "2275"]

1.e4 d6 2.d4 Nf6 3.Nc3 e5 4.Nge2 c6 5.f3 Nbd7 6.Be3 b5 7.a3 a5 8.g4 h6 9.Ng3 Qc7
10.d5 Rb8 11.b4 Bb7 12.Qd2 g6 13.Be2 h5 14.gxh5 Nxh5 15.Nxh5 Rxh5 16.O-O Qd8
17.f4 Rh7 18.f5 Qh4 19.Bf3 gxf5 20.exf5 e4 21.Nxe4 Ne5 22.Bg5 Nxf3+ 23.Rxf3 Qxe4
24.Re1 cxd5 25.Rxe4+ dxe4 26.Rg3 axb4 27.Qxb4 Bc6 28.Bf4 Kd7 29.Rg8  1-0